Представление документа в формате MARC21

ПолеНазваниеЗначение
  Тип записи a
  Библиографический уровень m
001 Контрольный номер BIBLIOCLUB\0000563889
005 Дата корректировки 20260430154822.6
006 m o d
007 Элементы данных для физической характеристики c|||||||||||||
008 Кодируемые данные s2020 rus o rus d
020 Индекс ISBN __
a ISBN 978-5-9765-2246-6
041 Код языка издания 0_
a Код языка текста rus
084 Индекс другой классификации/Индекс ББК __
a Индекс другой классификации/Индекс ББК 81.411.2-22я73
b Номер единицы LBC/PL
2 Источник индекса rubbk
100 Автор 1_
a Автор Беднарская Л. Д.
245 Заглавие 10
a Заглавие Синтаксис романа А.С. Пушкина «Евгений Онегин»: материалы для спецкурса
b Продолж. заглавия учебное пособие
c Ответственность Л. Д. Беднарская
250 Сведения об издании __
a Основные сведения об издании 3-е изд., стер.
260 Выходные данные __
a Место издания Москва
b Издательство ФЛИНТА
c Дата издания 2020
300 Физическое описание __
a Объем 473 с.
b Иллюстрации/ тип воспроизводства табл.
504 Библиография __
a Библиография Библиогр. в кн
653 Ключевые слова 1_
a Ключевые слова Учебник для высшей школы
856 Электронный адрес документа 40
3 Область применения данных поля Университетская библиотека ONLINE
u URL https://biblioclub.ru/index.php?page=book&id=563889
900 Электронные ресурсы __
a Имя электронного ресурса https://img.biblioclub.ru/sm_cover/35fe0c7f3aa03d68bfc78b22b80fabdbimcgi1tjte/cover.jpg